Responses for Show #8513 - Wednesday, November 17, 2021

Andrew He game 6.
Amy Schneider game 1.

Contestants

[<< previous game]

Amy Schneider, an engineering manager from Oakland, California

Max McDonald, a freelance artist and designer from Brooklyn, New York

Andrew He, a software developer from San Francisco, California (whose 5-day cash winnings total $157,365)

[next game >>]

Jeopardy! Round responses

NATIONS BY WORLD HERITAGE SITES
ITALIAN ARTS & CULTURE
BIBLICAL FIRST NAMES
IT'S A NEW MACHINE
1985 IN ENTERTAINMENT
BEVERAGE RHYMES
    $200 24
India

Andrew
    $200 6
La Scala

Amy
    $200 29
(Ken: "Hey [*]", you got it.)

Jude

Andrew
    $200 20
ice

Max
    $200 30
MacGyver

Max
    $200 28
a Coke soak

Amy
    $400 23
Canada

Amy
    $400 7
Dolce & Gabbana

Max
    $400 26
Luke

Andrew
    $400 19
Bitcoin

Amy
    $400 27
Wham!

Andrew
    $400 25
tea glee

Amy
    $600 22
Spain

Andrew
    $600 10
Fellini

Andrew
    $600 17
Delilah

Andrew
    $600 18
car crushers

Amy
    $600 21
Live Aid

Amy
    $600 15
milk ilk

Andrew
    $800 12
Croatia

Andrew
    $1,400 8
(Ken: Max?)
(Max: [Sighs and no response--after time's up] What's...)

the tarantella

Max
    $800 16
Bethenny (Bethany)

Andrew
    $800 9
the cotton gin

Amy
    $800 5
VH1

Amy
    $800 14
(Amy: What... no.)

a juice truce

MaxAmy
    $1000 11
Tanzania

Andrew
    $1000 3
Canaletto

Andrew
    $1000 4
Ezekiel

Max
    $1000 1
(Andrew: What's backbone?)

router

Andrew
Triple Stumper
    $1000 2
"St. Elmo's Fire"

Triple Stumper
    $1000 13
cider rider

Andrew

Scores at the first commercial break (after clue 15):

Andrew Max Amy
$4,000 $800 $1,000

Scores at the end of the Jeopardy! Round:

Andrew Max Amy
$7,200 $1,200 $3,600

Double Jeopardy! Round responses

THE PITTSBURGH ADDRESS
IT'S HISTORY
READERS, DIGEST
SCIENCE
GRAMMY'S ALBUM OF THE YEAR
SAME FIRST & LAST LETTER
    $400 9
Carnegie Mellon

Amy
    $400 4
the Leaning Tower of Pisa

Amy
    $400 27
Winnie-the-Pooh

Max
    $400 30
genus & species

Amy
    $400 28
The Bodyguard

Max
    $400 29
the minimum

Amy
    $800 10
Heinz Field

Amy
    $800 5
the Inquisition

Andrew
    $800 26
Tom Jones

Andrew
    $800 22
neon

Amy
    $800 24
(Lauryn) Hill

Andrew
    $800 25
a kiosk

Amy
    $1200 11
(Andrew: What is steel? What is [*]?)

the U.S. Steel Tower

Andrew
    $2,000 7
the Holy Roman Empire

Amy
    $1200 1
Nora Ephron

Max
    $1200 17
the spring

Amy
    $1200 13
(Ken: It's the late, great [*].)

Glen Campbell

Triple Stumper
    $1200 19
seamless

Amy
    $1600 12
funicular

Max
    $1600 6
caliphate

Amy
    $1600 2
breakfast

Triple Stumper
    $10,800 15
ionization

Andrew
    $1600 14
(Ray) Charles

Andrew
    $1600 20
torrent

Andrew
    $2000 18
(August) Wilson

Andrew
    $2000 8
Austerlitz

Amy
    $2000 3
Babette

Amy
    $2000 16
quanta

Amy
    $2000 23
Stevie Wonder

Max
    $2000 21
a Nobleman

Triple Stumper

Scores at the end of the Double Jeopardy! Round:

Andrew Max Amy
$26,800 $6,800 $19,600

[wagering suggestions for these scores]

Final Jeopardy! Round responses

FINAL RESTING PLACES
(Ken: [To Amy] Albert Gallatin and Alexander Hamilton, buried Trinity Churchyard, downtown New York City.)
MaxWhat is Martha's Vineyard?
$6,798
AmyWhat is Manhattan?
$12,000
AndrewWhat is Ellis Island?
$12,401
Manhattan

Final scores:

Andrew Max Amy
$14,399 $2 $31,600
2nd place: $2,000 3rd place: $1,000 New champion: $31,600

Game dynamics:

Coryat scores:

Andrew Max Amy
$17,600 $8,200 $18,800
21 R
(including 1 DD),
1 W
10 R,
1 W
(including 1 DD)
23 R
(including 1 DD),
1 W

Combined Coryat: $44,600

[game] [game scores] [suggest correction]

Game tape date: 2021-09-28
The J! Archive is created by fans, for fans. Scraping, republication, monetization, and malicious use prohibited; this site may use cookies and collect identifying information. See terms. The Jeopardy! game show and all elements thereof, including but not limited to copyright and trademark thereto, are the property of Jeopardy Productions, Inc. and are protected under law. This website is not affiliated with, sponsored by, or operated by Jeopardy Productions, Inc. Join the discussion at JBoard.tv.